| 000 | 01907nam0a22003851i 4500 | ||
|---|---|---|---|
| 001 | RU\NLR\bibl\1887886 | ||
| 005 | 20240921094800.0 | ||
| 010 |
_a9785914194830 _92000 |
||
| 021 |
_aRU _b2012-16232 _91220 |
||
| 035 | _a(NLR Aleph) 001877602 | ||
| 090 |
_a2746491 _c2746491 |
||
| 100 | _a20120404d2012 k y0rusy50 ca | ||
| 101 | 1 |
_arus _ceng |
|
| 102 | _aRU | ||
| 105 | _ao ||||||||| | ||
| 200 | 1 |
_aИстория византийской литературы (850-1000 гг.) _eэпоха византийского энциклопедизма _fА.П. Каждан _g[пер. с англ. Д.Р. Абдрахмановой и др.] |
|
| 210 |
_aСанкт-Петербург _cАлетейя _cИсторическая книга _d2012 |
||
| 215 |
_a375 с. _cил. _d22 |
||
| 225 | 1 |
_aВизантийская библиотека _iИсследования _fредкол.: С.П. Карпов (пред.) [и др.] |
|
| 320 | _aБиблиогр. в списке сокр.: с. 367-372 и в подстроч. примеч. | ||
| 325 | _aКопия доступна в Электрон. б-ке РНБ http://vivaldi.nlr.ru/bx000030765/view | ||
| 606 | 1 |
_aВизантийская литература _9924050 _3RU\NLR\auth\6620411 |
|
| 686 | _aШ5(0)421-3,05 | ||
| 700 | 1 |
_aКаждан _bА. П. _f1922-1997 _gАлександр Петрович _4070 |
|
| 801 | 0 |
_aRU _bNLR _c20120404 _gRCR |
|
| 801 | 1 |
_aRU _bNLR _c20120404 |
|
| 852 |
_aNLR _bОЛСАА-сл-спр _j3-5515 |
||
| 942 | _cBOOK | ||
| 980 | _aNBR | ||
| 980 | 1 | _aSL_SPR | |
| 981 | 1 | 3 |
_a(13) Документы, защищенные авторским правом _b(13) Современная научная, научно-популярная и популярная литература |